Statistics for 'Human' by The Killers Missing Lyrics Quiz

Click here to take the quiz!

General Stats

  • This quiz has been taken 35 times
  • The average score is 49 of 57

Answer Stats

Lyrics% Correct
Are we {human}?
100%
Are we {human}?
100%
Are we {human}?
100%
Are we {human}?
100%
Are we {human}?
100%
Are we {human}?
100%
Are we {human}?
100%
Are we {human}?
100%
Are we {human}?
100%
Looking for the {answer}
100%
Looking for the {answer}
100%
Looking for the {answer}
100%
Looking for the {answer}
100%
My {hands} are cold
100%
My {hands} are cold
100%
My {hands} are cold
100%
My {hands} are cold
100%
Or are we {dancer}?
100%
Or are we {dancer}?
100%
Or are we {dancer}?
100%
Or are we {dancer}?
100%
Or are we {dancer}?
100%
Or are we {dancer}?
100%
Or are we {dancer}?
100%
Or are we {dancer}?
100%
Or are we {dancer}?
100%
I did my {best} to notice
97%
They always did the {best} they could
97%
Close your {eyes}
94%
Clear your {heart}
91%
Let me know, is your {heart} still beating?
91%
My sign is {vital}
91%
My sign is {vital}
91%
My sign is {vital}
91%
My sign is {vital}
91%
And I'm on my {knees}
88%
And I'm on my {knees}
88%
And I'm on my {knees}
88%
And I'm on my {knees}
88%
When I see an {open} {door}
88%
And sometimes I get {nervous}
84%
Up to the platform of {surrender}
78%
{Cut} the cord
75%
I was brought, but I was {kind}
69%
Send my {condolences} to good
69%
And so long to {devotion}
66%
When you {dream} of home tonight?
66%
You've gotta {let} {me} {go}
66%
You've gotta {let} {me} {know}
66%
Pay my {respects} to grace and virtue
63%
You {taught} me everything I know
63%
When the {call} came down the line
59%
Give my regards to soul and {romance}
56%
There is no {message} we're receiving
53%
Will your {system} be alright
47%
{Wish} {me} {well}
44%
{Wave} {goodbye}
41%

Score Distribution

Percentile by Number Answered

Percent of People with Each Score

Your Score History

You have not taken this quiz